Music Quiz

Random Music or Quick Pick Quiz

Quick Pick: 'How' Songs Quiz Stats

 Plays Quiz not verified by Sporcle

Score 0/15 Timer 01:30
2 Plays Today
% Correct
You
88.9%
Deep
88.4%
Mend
87.1%
Be
85.4%
Talk
84.3%
Do
83.4%
Sweet
82.5%
Sure
80%
% Correct
Love
78.6%
Bizarre
77.4%
Save
76.9%
Know
76.4%
Remind
72.8%
Live
70.7%
Make
39%

You're not logged in!

Compare scores with friends on all Sporcle quizzes.
OR
Log In

Show Comments

Extras

Top Quizzes Today


Score Distribution

Your Account Isn't Verified!

In order to create a playlist on Sporcle, you need to verify the email address you used during registration. Go to your Sporcle Settings to finish the process.

Report this User

Report this user for behavior that violates our Community Guidelines.

Details: